Nombra cualquier año valido en la historia - Estadísticas

Estadísticas generales
  • Esta prueba ha sido intentada 3.236 veces
  • La puntuación promedio es 6 de 15
Estadísticas de respuestas
Pista Año(s) % Correcto
Guerra civil española 1936 - 1939
97%
Año de cualquier Constitución española del s.XIX 1812 | 1837 | 1845 | 1869 | 1876
74%
Alguna ciudad norteamericana es sede olímpica (sólo juegos de verano) 1904 | 1932 | 1968 | 1976 | 1984 | 1996 | 2028
52%
Se funda Microsoft, Apple, Nvidia, Amazon o Tesla 1975 | 1976 | 1993 | 1994 | 2003
51%
Estreno de cualquiera de las películas de Star Wars de la primera trilogía 1977 | 1980 | 1983
51%
Guerra de Corea 1950 - 1953
47%
Vive Ludwig van Beethoven 1770 - 1827
42%
Guerra de los Cien Años 1337 - 1453
41%
Borís Yeltsin es presidente de Rusia 1991 - 1999
36%
Guerra de Sucesión Española 1701 - 1713
30%
Gran Colombia 1819 - 1831
30%
Nerón es emperador romano 54 - 68
30%
Unión Ibérica 1580 - 1640
26%
Primera o Segunda Guerra del Opio 1839 - 1842 | 1856 - 1860
25%
Taifa de Sevilla (excluyendo el breve periodo de Ibn al-Yadd y Axataf) 1023 - 1091
16%
No se encontraron pruebas coincidentes
Distribución de puntuación
Porcentaje de gente con cada puntuación
Porcentaje por número respondido
Historial de tus puntuaciones
No has intentado esta prueba.